Znižovanie nehodovosti v prevádzke lietadiel civilného letectva Slovenskej republiky

Bibliographic Details
Main Authors: Sedláček, Bohuslav (Author), Topolčany, Roman, 1962- (Author)
Format: Article
Language:Slovak
ISBN:8071009709

MARC

LEADER 00000naa a2200000uu 4500
001 vtls011039422
003 SK-MaSNL
005 20260302141345.0
008 210905|2002 xo |||||||||||||||||slo|
015 |a SNBRA 
035 |a (urnnbn)urn:nbn:sk:snk:ar-008wz3 
035 |a (uuid)5336a49a-f883-40bc-91f6-9390a71a046f 
035 |a urn:nbn:sk:snk-aausis 
040 |a SNKBUCL  |b slo  |c SNKBUCL  |e AACR2 
041 0 |a slo 
044 |a xo  |c SK 
100 1 |a Sedláček, Bohuslav  |4 aut  |9 8989 
245 1 0 |a Znižovanie nehodovosti v prevádzke lietadiel civilného letectva Slovenskej republiky  |c Bohuslav Sedláček, Roman Topolčany 
700 1 |a Topolčany, Roman,  |d 1962-  |4 aut  |9 363170 
773 0 |t Zvyšovanie bezpečnosti pri leteckom výcviku  |d V Žiline : Žilinská univerzita, 2002  |g S. 60-63  |z 8071009709 
958 |a OND 
958 |a article12 
958 |a chapter 
999 |c 1335331  |d 1337261